000
00228nam a2200097Ia 4500
005
20251222114359.0
008
251222s1900||||xx |||||||||||||| ||spa||
082
_a
DVD0010/W78
245
0
_a
La leyenda del Dragón Rojo:
942
_c
DVD
999
_c
1543
_d
1543